000 00286nam a22001337a 4500
008 170703b xxu||||| |||| 00| 0 eng d
020 _a9780760779323
041 _aeng
080 _a82
100 _a22
101 _aGJL
245 _aSHAKESPEARE'S LIVES
_cDIRDA, M
942 _2udc
_cBK
999 _c19863
_d19863